Deformaciones de entrepisos esbeltos sujetos a fuerzas sísmicas con y sin aberturas en edificaciones regulares en altura y en planta de dos niveles

Salvato in:
Dettagli Bibliografici
Autore principale: Fernández Ulate, Erick Joel
Natura: Libro
Lingua:Spanish
Pubblicazione: [San José], Costa Rica 2013
Soggetti:
Tags: Aggiungi Tag
Nessun Tag, puoi essere il primo ad aggiungerne!!

MARC

LEADER 00000nam a22000007a 4500
003 011862
005 20221231143903.0
008 150318b2013 cr a|||| |||| 00| 0 spa d
040 |c cru CEDI 
090 |a TFG 7030 
100 |9 572  |a Fernández Ulate, Erick Joel  
245 |a  Deformaciones de entrepisos esbeltos sujetos a fuerzas sísmicas con y sin aberturas en edificaciones regulares en altura y en planta de dos niveles 
260 |a [San José], Costa Rica  |c 2013 
500 |a Proyecto de graduación (licenciatura en ingeniería civil)--Universidad de Costa Rica. Facultad de Ingeniería. Escuela de Ingeniería Civil 
650 |x PISOS (CONSTRUCCION)   |x ANALISIS ESTRUCTURAL (INGENIERIA)   |x  DISEÑO DE ESTRUCTURAS  |x  ESFUERZO CORTANTE  |9 573 
942 |c TFG 
999 |c 13754  |d 13754